000
00495nam a2200145Ia 4500
008
151213s9999 xx 000 0 und d
100
_a
কবীর চেীধুরী।
245
_a
এ্যাবসার্ড নাটক।
_c
কবীর চেীধুরী।
250
_a
২য় সং
260
_a
ঢাকা
_b
বাংলা একাডেমী।
_c
1989
300
_a
4459 p.
650
_a
Bangla
700
_a
কবীর চেীধুরী।
999
_c
2834
_d
2834